| 000 | 00908cam a2200253 4500 | ||
|---|---|---|---|
| 001 | B2254 | ||
| 008 | 090401t1989 xxu||||| |||| 00| 0 eng d | ||
| 035 | _a(Sirsi) u48962 | ||
| 041 | _aeng | ||
| 050 | _a346.4104344 | ||
| 090 | _aRICS 1989/18 A | ||
| 110 |
_aInstitution and College Conferences _92330 |
||
| 245 | _aRent reviews-good news-bad news? 16 February 1989. The Barbican Centre,London | ||
| 260 |
_aLondon _bInstitution and College Conferences _c1989 |
||
| 300 | _a4 papers ; 2 other items | ||
| 350 | _a0 | ||
| 520 | _aPapers by Denyer-Green,Barry and Gillett,Alan . Part of 3-day event Property Business Show . Includes programme and notes on speakers. | ||
| 650 | _aMANAGEMENT-DISPUTE AVOIDANCE, MANAGEMENT AND RESOLUTION-DISPUTE MANAGEMENT AND RESOLUTION-ARBITRATION | ||
| 650 | _aCONFERENCE | ||
| 650 | _aEVIDENCE | ||
| 650 | _aRENT REVIEWS | ||
| 942 | _n0 | ||
| 948 | _c04/03/1997 | ||
| 999 |
_c92446 _d92446 |
||